| 000 | 02458nam a2200325 i 4500 | ||
|---|---|---|---|
| 003 | DO-SdBNP | ||
| 005 | 20250428140958.0 | ||
| 008 | 250428b2024 dr ||||| |||| 00| 0 spa d | ||
| 020 | _a9789945510775 | ||
| 040 |
_aDO-SdBNP _bspa _cBNPHU _erda |
||
| 041 | _aspa | ||
| 082 | 4 |
_a0 _bM878m _222 |
|
| 100 | 1 |
_aMatos Moquete, Manuel, _d1944- _eautor _4aut. _96349 |
|
| 245 | 0 | 0 |
_aMateo Morrison : _bplenitud de vida y escritura / _cselección y estudio de Manuel Matos Moquete ; revisión del texto original José Mercedes Bratini ; corrección María del Carmen Vicente, Modesto Cuesta y Apolinar Liz Rodríguez |
| 250 | _aPrimera edición | ||
| 264 | 4 |
_aSanto Domingo, República Dominicana : _bEditora Nacional, _c©2024. |
|
| 300 |
_a349 páginas ; _c23 cm |
||
| 336 |
_atexto _btxt _2rdacontent |
||
| 337 |
_asin mediación _bn _2rdamedia |
||
| 338 |
_avolumen _bnc _2rdacarrier |
||
| 490 | 0 | _aColección homenaje | |
| 500 | _aIncluye datos biográficos del autor en la solapa de la cubierta. | ||
| 505 |
_aPrólogo / _rMateo Morrison, 13 -- _tUn poeta vigente y constante, 17 -- _tPoesía, 65 -- _tDel libro: Aniversario del dolor, 65 -- _tDel libro: Visiones del transeúnte, 85 -- _tDel libro: Si la casa se llena de sombras, 97 -- _tDel libro: A propósito de imágenes, 115 -- _tDel libro: Nocturnidad del viento, 123 -- _tDel libro: Soliloquio desnudo, 131 -- _tDel libro: Dorothy Dandridge, 137 -- _tDel libro: Espasmos en la noche, 143 -- _tDel libro: Estático en la memoria y otros textos, 157 -- _tDel libro: Pasajero del aire, 167 -- _tDel libro: Ojos de madre, vientos de guerra, 175 -- _tDel libro: El abrazo de las sombras, 181 -- _tDel libro: Tempestad del silencio, 193 -- _tDel libro: Terreno de Eros. Liquidas formas del gozo, 197 -- _tDel libro: Híbridas máscaras, 213 -- _tNarrativa, 225 -- _tDe la novela: Un silencio que camina, 225 -- _tDel libro: Caminar con las palabras, 239 -- _tDel libro: Poesía, filosofía y ciencia a través de varios textos fundamentales. «Espacio» de Juan Raman Jiménez: poesía y filosofía, 255 -- _tDel libro: Juan Sánchez Lamouth: como poeta de la negritud, 291 -- _tApéndices, 313 -- _tBibliografías activa y pasiva de Mateo Morrison, 341. |
||
| 590 | _aInventariado, 2025 /LP | ||
| 700 | 1 |
_aVicente, María del Carmen, _ecorrector _957201 |
|
| 700 | 1 |
_aCuesta, Modesto _ecorrector _4corr. _93209 |
|
| 700 | 1 |
_aLiz Rodríguez, Apolinar _ecorrector _4corr. _984877 |
|
| 910 | _aLP | ||
| 942 |
_2ddc _cLBS1 |
||
| 999 |
_c58289 _d58289 |
||